Mauro Muriedas : testigo social : colección UC Arte Gráfico : Paraninfo de la Universidad de Cantabria, 19 septiembre / 2 noviembre 2024 /

Bibliographic Details
Other Authors: García González, Nuria (Editor)
Format: Electronic eBook
Language:Spanish
Published: Santander : Ediciones Universidad Cantabria, 2024.
Series:Colección Florilogio ; 99.
Subjects:
Online Access:Digitalia Hispánica

MARC

LEADER 00000nam a2200000Ii 4500
001 DIGUCANT0192
003 NyNyDIG
006 m o d
007 cr |||||||||||
008 250310s2024 sp a ob 000 0 spa d
035 |a (OCoLC)1507373273 
040 |a DGITA  |b eng  |e rda  |e pn  |c DGITA 
020 |a 9788419024893  |q (pdf) 
020 |z 9788419024848  |q (rústica) 
043 |a e-sp--- 
050 1 4 |a NC987 ebook 
245 0 0 |a Mauro Muriedas :  |b testigo social : colección UC Arte Gráfico : Paraninfo de la Universidad de Cantabria, 19 septiembre / 2 noviembre 2024 /  |c comisariado, catalogación y diseño expositivo, Nuria García Gutiérrez. 
264 1 |a Santander :  |b Ediciones Universidad Cantabria,  |c 2024. 
300 |a 1 online resource :  |b illustrations. 
336 |a text  |b txt  |2 rdacontent 
337 |a computer  |b c  |2 rdamedia 
338 |a online resource  |b cr  |2 rdacarrier 
347 |a text file  |2 rdaft 
347 |b PDF 
490 1 |a Colección Florilogio ;  |v 99 
504 |a Includes bibliographical references. 
588 0 |a Online resource; title from PDF title page (Digitalia, viewed March 10, 2025) 
650 0 |a Drawing  |z Spain  |v Exhibitions. 
700 1 |a García González, Nuria,  |e editor. 
776 0 8 |i Print version:  |t Mauro Muriedas.  |d Santander : Ediciones Universidad Cantabria, 2024  |z 9788419024848 
791 2 |a Digitalia (Firm),  |e distributor. 
793 0 |g Digitalia eBook Collection:  |a Universidad de Cantabria 
830 0 |a Colección Florilogio ;  |v 99. 
856 4 0 |3 Digitalia Hispánica  |u https://www.digitaliapublishing.com/a/170046/ 
910 |a Premium collection: 2025